Toleranz und Repression: zur Lage religiöser Minderheiten in modernen Gesellschaften
| Contributors: | ; |
|---|---|
| Format: | Print Book |
| Language: | German |
| Subito Delivery Service: | Order now. |
| Check availability: | HBZ Gateway |
| WorldCat: | WorldCat |
| Interlibrary Loan: | Interlibrary Loan for the Fachinformationsdienste (Specialized Information Services in Germany) |
| Published: |
Frankfurt/Main New York
Campus-Verlag
1987
|
| In: | Year: 1987 |
| Volumes / Articles: | Show volumes/articles. |
| Standardized Subjects / Keyword chains: | B
Religious minority
|
| Further subjects: | B
Religious minority
B Persecution Europe Congresses B Freedom of religion Europe Congresses B Conference program 1985 (Zeist) B Religious tolerance Congresses B Religious minorities Congresses B Religious tolerance Europe Congresses |
| Online Access: |
Table of Contents Table of Contents Review |
MARC
| LEADER | 00000cam a2200000 c 4500 | ||
|---|---|---|---|
| 001 | 273691856 | ||
| 003 | DE-627 | ||
| 005 | 20260206202805.0 | ||
| 007 | tu | ||
| 008 | 870522s1987 gw ||||| 00| ||ger c | ||
| 015 | |a 87,N12,0057 |2 dnb | ||
| 015 | |a 87,N12,0057 |2 dnb | ||
| 016 | 7 | |a 870376152 |2 DE-101 | |
| 020 | |a 3593337533 | ||
| 035 | |a (DE-627)273691856 | ||
| 035 | |a (DE-603)005745241 | ||
| 035 | |a (DE-576)012809551 | ||
| 035 | |a (DE-599)GBV273691856 | ||
| 035 | |a (OCoLC)246808390 | ||
| 035 | |a (OCoLC)17768447 | ||
| 040 | |a DE-627 |b ger |c DE-627 |e rakwb | ||
| 041 | |a ger | ||
| 044 | |c XA-DE |c XD-US | ||
| 050 | 0 | |a BR1610 | |
| 082 | 0 | |a 323.44/2 | |
| 082 | 0 | |a 323.442 |q LoC |2 DDC19oclc | |
| 084 | |a 12 |a 14 |a 19 |a 64 |2 sdnb | ||
| 084 | |a 13 |a 14 |a 19 |a 64 |a 12 |2 sdnb | ||
| 084 | |a 1 |2 ssgn | ||
| 084 | |a 3,6 |2 ssgn | ||
| 084 | |a BK 4500 |2 rvk |0 (DE-625)rvk/11905: | ||
| 084 | |a MS 6550 |2 rvk |0 (DE-625)rvk/123761: | ||
| 084 | |a MS 3300 |2 rvk |0 (DE-625)rvk/123679: | ||
| 084 | |a 11.97 |2 bkl | ||
| 084 | |a 89.41 |2 bkl | ||
| 191 | |a 1 | ||
| 245 | 0 | 0 | |a Toleranz und Repression |b zur Lage religiöser Minderheiten in modernen Gesellschaften |c Johannes Neumann ... (Hg.) |
| 264 | 1 | |a Frankfurt/Main |a New York |b Campus-Verlag |c 1987 | |
| 300 | |a 349 S. | ||
| 336 | |a Text |b txt |2 rdacontent | ||
| 337 | |a ohne Hilfsmittel zu benutzen |b n |2 rdamedia | ||
| 338 | |a Band |b nc |2 rdacarrier | ||
| 500 | |a Papers presented at a meeting held in the fall of 1985 in Zeist in the Netherlands sponsored by the New Ecumenical Research Association | ||
| 583 | 1 | |a Archivierung/Langzeitarchivierung gewährleistet |f SSG |x XA-DE-BW |2 pdager |5 DE-21 | |
| 601 | |a Toleranz | ||
| 601 | |a Gesellschaft | ||
| 650 | 0 | 7 | |0 (DE-588)4140292-3 |0 (DE-627)105628948 |0 (DE-576)209701552 |a Religiöse Minderheit |2 gnd |
| 653 | 0 | |a Religious tolerance |a Congresses | |
| 653 | 0 | |a Religious tolerance |a Europe |a Congresses | |
| 653 | 0 | |a Freedom of religion |a Europe |a Congresses | |
| 653 | 0 | |a Persecution |a Europe |a Congresses | |
| 653 | 0 | |a Religious minorities |a Congresses | |
| 655 | 7 | |a Konferenzschrift |y 1985 |z Zeist |0 (DE-588)1071861417 |0 (DE-627)826484824 |0 (DE-576)433375485 |2 gnd-content | |
| 689 | 0 | 0 | |d s |0 (DE-588)4140292-3 |0 (DE-627)105628948 |0 (DE-576)209701552 |2 gnd |a Religiöse Minderheit |
| 689 | 0 | |5 DE-101 | |
| 700 | 1 | |e Hrsg. |0 (DE-588)124220401 |0 (DE-627)08571643X |0 (DE-576)294074791 |4 edt |a Neumann, Johannes |d 1929-2013 | |
| 700 | 1 | |0 (DE-588)128866098 |0 (DE-627)383667240 |0 (DE-576)260857645 |4 oth |a Fischer, Michael |d 1945-2014 | |
| 856 | 4 | 2 | |u https://swbplus.bsz-bw.de/bsz012809551inh.htm |m V:DE-576 |v 2008-09-09 |3 Inhaltsverzeichnis |7 1 |
| 856 | 4 | 2 | |u http://scans.hebis.de/HEBCGI/show.pl?00574524_toc.pdf |m V:DE-576 |q application/pdf |3 Inhaltsverzeichnis |7 1 |
| 856 | 4 | 2 | |u https://www.persee.fr/doc/assr_0335-5985_1988_num_65_2_2474_t1_0296_0000_4 |q application |y Rezension |7 1 |
| 889 | |w (DE-627)016571150 | ||
| 889 | |w (DE-627)026590638 | ||
| 935 | |a mteo | ||
| 935 | |i mdedup | ||
| 935 | |i Blocktest | ||
| 936 | r | v | |a BK 4500 |b Toleranzproblem, Religionsfreiheit |k Theologie und Religionswissenschaften |k Theologische Ethik/Moraltheologie |k Spezielle Moraltheologie/Spezielle Ethik |k Verantwortung für den Mitmenschen |k Toleranzproblem, Religionsfreiheit |0 (DE-627)1270664417 |0 (DE-625)rvk/11905: |0 (DE-576)200664417 |
| 936 | r | v | |a MS 6550 |b Allgemeine Darstellungen (Kirchen, religiöses Verhalten, Geistliche) |k Soziologie |k Spezielle Soziologien |k Religionssoziologie |k Allgemeine Darstellungen (Kirchen, religiöses Verhalten, Geistliche) |0 (DE-627)1271441454 |0 (DE-625)rvk/123761: |0 (DE-576)201441454 |
| 936 | r | v | |a MS 3300 |b Allgemeine Literatur |k Soziologie |k Spezielle Soziologien |k Soziologie der Minoritäten und Randgruppen |k Allgemeine Literatur |0 (DE-627)1270879677 |0 (DE-625)rvk/123679: |0 (DE-576)200879677 |
| 936 | b | k | |a 11.97 |j Neue religiöse Bewegungen |j Sekten |0 (DE-627)181570408 |
| 936 | b | k | |a 89.41 |j Staat und einzelne Gruppierungen |0 (DE-627)106417118 |
| 936 | s | n | |a b100 |2 mzub |
| 936 | s | n | |a m200 |2 mzub |
| 936 | s | n | |a m100 |2 mzub |
| 936 | s | n | |a p100 |2 mzub |
| 936 | s | n | |a n100 |2 mzub |
| 951 | |a BO | ||
| ACO | |a 1 | ||
| CAN | |a 1 | ||
| ELC | |b 1 | ||
| ITA | |a 1 |t 1 | ||
| LOK | |0 000 xxxxxcx a22 zn 4500 | ||
| LOK | |0 001 3261234601 | ||
| LOK | |0 003 DE-627 | ||
| LOK | |0 004 273691856 | ||
| LOK | |0 005 20020518000000 | ||
| LOK | |0 008 870820||||||||||||||||ger||||||| | ||
| LOK | |0 040 |a DE-21 |c DE-627 |d DE-21 | ||
| LOK | |0 852 |a DE-21 | ||
| LOK | |0 852 1 |c 27 A 4882 |9 00 | ||
| LOK | |0 939 |a 20-08-87 |b l01 | ||
| LOK | |0 000 xxxxxcx a22 zn 4500 | ||
| LOK | |0 001 3261234687 | ||
| LOK | |0 003 DE-627 | ||
| LOK | |0 004 273691856 | ||
| LOK | |0 005 20100408033255 | ||
| LOK | |0 008 990421||||||||||||||||ger||||||| | ||
| LOK | |0 040 |a DE-21-31 |c DE-627 |d DE-21-31 | ||
| LOK | |0 541 |e 13948/87 (CG) | ||
| LOK | |0 852 |a DE-21-31 | ||
| LOK | |0 852 1 |c Ml III 12 |m p |9 00 | ||
| LOK | |0 938 |k p | ||
| LOK | |0 939 |a 21-04-99 |b l01 | ||
| LOK | |0 000 xxxxxcx a22 zn 4500 | ||
| LOK | |0 001 3261234695 | ||
| LOK | |0 003 DE-627 | ||
| LOK | |0 004 273691856 | ||
| LOK | |0 005 20240125115257 | ||
| LOK | |0 008 050323||||||||||||||||ger||||||| | ||
| LOK | |0 040 |a DE-21-85 |c DE-627 |d DE-21-85 | ||
| LOK | |0 541 |e 87-151 | ||
| LOK | |0 689 |a s |0 1311081038 |a Sekte | ||
| LOK | |0 689 |a s |0 131108102X |a Religion | ||
| LOK | |0 852 |p 615023845911 | ||
| LOK | |0 852 |a DE-21-85 | ||
| LOK | |0 852 1 |c 3.240.1987 |m p |9 00 | ||
| LOK | |0 935 |a k085 |a isda | ||
| LOK | |0 938 |k p | ||
| LOK | |0 939 |a 23-03-05 |b l01 | ||
| LOK | |0 000 xxxxxcx a22 zn 4500 | ||
| LOK | |0 001 3261234709 | ||
| LOK | |0 003 DE-627 | ||
| LOK | |0 004 273691856 | ||
| LOK | |0 005 20060904115134 | ||
| LOK | |0 008 060904||||||||||||||||ger||||||| | ||
| LOK | |0 040 |a DE-21-52 |c DE-627 |d DE-21-52 | ||
| LOK | |0 541 |e 87/702 | ||
| LOK | |0 852 |a DE-21-52 | ||
| LOK | |0 852 1 |c Ae 499-52 |m p |9 00 | ||
| LOK | |0 935 |a k052 |a kneu | ||
| LOK | |0 938 |k p | ||
| LOK | |0 939 |a 04-09-06 |b l01 | ||
| LOK | |0 000 xxxxxcx a22 zn 4500 | ||
| LOK | |0 001 3261234717 | ||
| LOK | |0 003 DE-627 | ||
| LOK | |0 004 273691856 | ||
| LOK | |0 005 20140625082956 | ||
| LOK | |0 008 131105||||||||||||||||ger||||||| | ||
| LOK | |0 040 |a DE-21-110 |c DE-627 |d DE-21-110 | ||
| LOK | |0 689 |a s |a Religiöse Minderheiten | ||
| LOK | |0 689 |a s |a Toleranz | ||
| LOK | |0 689 |a s |a Einstellungen | ||
| LOK | |0 852 |z Kein Bestand am IfK; Nachweis für KrimDok | ||
| LOK | |0 852 |a DE-21-110 | ||
| LOK | |0 852 1 |m v |9 00 | ||
| LOK | |0 935 |a k110 | ||
| LOK | |0 938 |k v | ||
| LOK | |0 939 |a 05-11-13 |b l01 | ||
| ORI | |a TA-MARC-ixtheob001.raw | ||
| REL | |a 1 | ||
| SPR | |a 1 |t CAN |t IXT |t REL | ||
| STA | 0 | 0 | |a Religious minority,Minority |
| STB | 0 | 0 | |a Minorité religieuse |
| STC | 0 | 0 | |a Minoría religiosa |
| STD | 0 | 0 | |a Minoranza religiosa |
| STE | 0 | 0 | |a 宗教少数者,宗教少数人仕 |
| STF | 0 | 0 | |a 宗教少數者,宗教少數人仕 |
| STG | 0 | 0 | |a Minoria religiosa |
| STH | 0 | 0 | |a Религиозное меньшинство |
| STI | 0 | 0 | |a Θρησκευτική μειονότητα |
| SUB | |a CAN |a REL | ||
| TIM | |a 100019850101_100019851231 |b 1985 - 1985 | ||



